Morocco Country Quiz - Statistics

General Stats
  • This quiz has been taken 402 times
  • The average score is 10 of 19
Answer Stats
Question Answer % Correct
Largest city Casablanca
97%
Capital city Rabat
97%
Official languages Arabic
96%
Official religion Sunni Islam
95%
Major mountain ranges Atlas
80%
Berber
78%
Disputed territory claimed by the country Western Sahara
72%
Spanish island chain west of the country Canary Islands
65%
National dish Couscous
60%
City on the Strait of Gibraltar Tangier
54%
"Mecca of the West" Fes
46%
City notable for blue buildings Chefchaouen
42%
Rif
38%
City section of walled streets and narrow alleys Medina
31%
City of the Feast of Mouloud festival Meknes
18%
Extinct animal and national symbol Barbary Lion
16%
Area formerly known as the Barbary Coast Maghreb
11%
The symbol on the flag Seal of {Solomon}
9%
Hot, dry wind blowing from the Sahara Chergui
7%
No matching quizzes found
Score Distribution
Percent of People with Each Score
Percentile by Number Answered
Your Score History
You have not taken this quiz